Every Song by Halestorm - Statistics

General Stats
  • This quiz has been taken 27 times
  • The average score is 43 of 118
Answer Stats
Album Song % Correct
The Strange Case Of...(2012) I Miss the Misery
95%
Back from the Dead(2022) Back from the Dead
79%
The Strange Case Of...(2012) Love Bites (So Do I)
79%
Halestorm(2009) Love/Hate Heartbreak
79%
Halestorm(2009) I Get Off
74%
The Strange Case Of...(2012) Mz. Hyde
74%
Vicious(2018) Vicious
74%
The Strange Case Of...(2012) Break In
68%
Into the Wild Life(2015) I Am the Fire
68%
Back from the Dead(2022) The Steeple
68%
The Strange Case Of...(2012) Daughters of Darkness
63%
The Strange Case Of...(2012) Freak Like Me
63%
The Strange Case Of...(2012) Here's to Us
63%
Halestorm(2009) Familiar Taste of Poison
58%
Into the Wild Life(2015) I Like It Heavy
58%
Into the Wild Life(2015) Amen
53%
Into the Wild Life(2015) Apocalyptic
53%
Into the Wild Life(2015) Dear Daughter
53%
Vicious(2018) Do Not Disturb
53%
Back from the Dead(2022) Raise Your Horns
53%
The Strange Case Of...(2012) Rock Show
53%
Vicious(2018) Skulls
53%
Back from the Dead(2022) Strange Girl
53%
The Strange Case Of...(2012) American Boys
47%
Halestorm(2009) Better Sorry Than Safe
47%
Back from the Dead(2022) Bombshell
47%
Vicious(2018) Buzz
47%
Halestorm(2009) I'm Not an Angel
47%
Halestorm(2009) Innocence
47%
Halestorm(2009) | One and Done(2006) It's Not You
47%
Into the Wild Life(2015) Mayhem
47%
Back from the Dead(2022) Psycho Crazy
47%
Back from the Dead(2022) Terrible Things
47%
Vicious(2018) Uncomfortable
47%
Back from the Dead(2022) Wicked Ways
47%
Into the Wild Life(2015) Bad Girl's World
42%
The Strange Case Of...(2012) Beautiful with You
42%
Halestorm(2009) Bet U Wish U Had Me Back
42%
Vicious(2018) Black Vultures
42%
Halestorm(2009) Dirty Work
42%
The Strange Case Of...(2012) In Your Room
42%
Back from the Dead(2022) My Redemption
42%
Into the Wild Life(2015) New Modern Love
42%
Into the Wild Life(2015) Scream
42%
Into the Wild Life(2015) Sick Individual
42%
(Don't Mess with the) Time Man(1999) Time Man
42%
Into the Wild Life(Bonus)(2015) Unapologetic
42%
Into the Wild Life(2015) What Sober Couldn't Say
42%
Vicious(2018) White Dress
42%
The Strange Case Of...(2012) You Call Me a Bitch Like It's a Bad Thing
42%
Back from the Dead(2022) Brightside
37%
Vicious(2018) Conflicted
37%
The Strange Case Of...(Bonus)(2012) Don't Know How to Stop
37%
Into the Wild Life(2015) Gonna Get Mine
37%
Vicious(2018) Heart of Novocaine
37%
Back from the Dead(2022) I Come First
37%
Halestorm(2009) Nothing to Do with Love
37%
Into the Wild Life(2015) The Reckoning
37%
Vicious(2018) The Silence
37%
Back from the Dead(Bonus)(2022) Alien
32%
Halestorm(Bonus)(2009) Conversation Over
32%
Halestorm(Bonus)(2009) Dirty Mind
32%
Back from the Dead(Bonus)(2022) Heavy MeNtal (Fuck Yeah)
32%
Into the Wild Life(Bonus)(2015) Jump the Gun
32%
Vicious(2018) Killing Ourselves to Live
32%
Back from the Dead(Bonus)(2022) Legendary
32%
Vicious(2018) Painkiller
32%
The Strange Case Of...(Bonus)(2012) Private Parts
32%
Back from the Dead(Bonus)(2022) Special
32%
Halestorm(Bonus)(2009) Tell Me Where It Hurts
32%
Halestorm(2009) What Were You Expecting?
32%
Back from the Dead(Bonus)(2022) You Only Die Once
32%
(Don't Mess with the) Time Man(1999) As the Eagle Flies
26%
One and Done(2006) Blue Eyes
26%
Non-Album(2024) can u see me in the dark?
26%
Non-Album(2019) Chemicals
26%
The Strange Case Of...(Bonus)(2012) Hate It When You See Me Cry
26%
(Don't Mess with the) Time Man(1999) Interesting
26%
Vicious(Bonus)(2018) Letters
26%
Back from the Dead(Bonus)(2022) Mine
26%
Vicious(Bonus)(2018) Nobody
26%
(Don't Mess with the) Time Man(1999) No Clue
26%
Back from the Dead(Bonus)(2022) Wannabe
26%
(Don't Mess with the) Time Man(1999) You and I Could Fly
26%
Live in Philly 2010(2010) Boom City
21%
Into the Wild Life(Bonus)(2015) Drunk Pretty
21%
Vicious(Bonus)(2018) Golden
21%
Forecast for the Future(1997) I Could Fly
21%
Forecast for the Future(1997) Light in the Dark
21%
Forecast for the Future(1997) Love Is Power
21%
Vicious(Bonus)(2018) Now That You're Gone
21%
Forecast for the Future(1997) Reach Out
21%
One and Done(2006) Show Me
21%
One and Done(2006) The Hand
21%
Vicious(Bonus)(2018) Tokyo
21%
Forecast for the Future(1997) Will
21%
(Don't Mess with the) Time Man(1999) Wings
21%
Halestorm(Bonus)(2019) Annabelle
16%
Halestorm(Bonus)(2019) Gypsy Grifter
16%
Halestorm(Bonus)(2019) Hero (Reluctant Hero)
16%
Breaking the Silence(2001) I Forgive You
16%
Breaking the Silence(2001) Rose in December
16%
Breaking the Silence(2001) Shadows of My Heart
16%
Breaking the Silence(2001) Shout It Out
16%
One and Done(2006) Takes My Life
16%
Breaking the Silence(2001) The Children
16%
Breaking the Silence(2001) Unbreakable Promises
16%
Halestorm(Bonus)(2019) Coming Back to Me
11%
Halestorm(Bonus)(2019) Everyone Dies (Heaven Isn't Where We Belong)
11%
Halestorm(Bonus)(2019) Not Afraid of Losin'
11%
Halestorm(Bonus)(2019) Not for Today
11%
Halestorm(Bonus)(2019) Ride or Die
11%
Halestorm(Bonus)(2019) Still Breathing
11%
Halestorm(Bonus)(2019) The Proposition
11%
Forecast for the Future(1997) Think on These Things
11%
Halestorm(Bonus)(2019) Tired of Trying
11%
Halestorm(Bonus)(2019) Who Do You Love?
11%
No matching quizzes found
Score Distribution
Percent of People with Each Score
Percentile by Number Answered
Your Score History
You have not taken this quiz